Terra nostra (Record no. 603267)

000 -LEADER
fixed length control field 00372nam a22001457a 4500
003 - CONTROL NUMBER IDENTIFIER
control field NUST
005 - DATE AND TIME OF LATEST TRANSACTION
control field 20231002094950.0
008 - FIXED-LENGTH DATA ELEMENTS--GENERAL INFORMATION
fixed length control field 231002b ||||| |||| 00| 0 eng d
082 ## - DEWEY DECIMAL CLASSIFICATION NUMBER
Classification number 863
Author Mark FUE 1976
100 01 - MAIN ENTRY--PERSONAL NAME
Personal name Fuentes, Carlos
9 (RLIN) 118292
245 ## - TITLE STATEMENT
Title Terra nostra
Statement of responsibility, etc. Carlos Fuentes
260 ## - PUBLICATION, DISTRIBUTION, ETC.
Place of publication, distribution, etc. New York
Name of publisher, distributor, etc. Farrar, Straus, Giroux
Date of publication, distribution, etc. 1976
300 ## - PHYSICAL DESCRIPTION
Extent 777p;
942 ## - ADDED ENTRY ELEMENTS (KOHA)
Source of classification or shelving scheme
Koha item type Book
Holdings
Withdrawn status Lost status Source of classification or shelving scheme Damaged status Not for loan Permanent Location Current Location Shelving location Date acquired Total Checkouts Full call number Barcode Date last seen Price effective from Koha item type
          Centre for International Peace & Stability (CIPS) Centre for International Peace & Stability (CIPS) General Stacks 03/21/2023   863 FUE 1976 CIPSD0000747 10/02/2023 10/02/2023 Book
© 2023 Central Library, National University of Sciences and Technology. All Rights Reserved.